00589nam a2200157 a 450000100100000000500170001000800410002704000250006810000350009324500730012826000790020130000200028004900090030095201050030999900170041400002740920200930030819.0110331s19uu dr 000 0 spa d aDO-SdBNPbspacBNPHU1 aAlardo Acosta, Mauricio95402410aGarras comunistas en la cuenca del Caribe /cMauricio Alardo Acosta. aCiudad Trujillo, República Dominicana :bImpresora Arte y Cine,c[197?]. a21 P. ;c20 cm. aBNPD 0010718PDaPDbPDcCTd2011-03-31iLF1l0o p27409-10r2020-06-25w2020-06-25yLFPDZNo se presta c26901d26901